MARC details
| 000 -LEADER |
| fixed length control field |
05061cam a22004578i 4500 |
| 005 - DATE AND TIME OF LATEST TRANSACTION |
| control field |
20260322212013.0 |
| 008 - FIXED-LENGTH DATA ELEMENTS--GENERAL INFORMATION |
| fixed length control field |
data |
| 010 ## - LIBRARY OF CONGRESS CONTROL NUMBER |
| LC control number |
2013024039 |
| 020 ## - INTERNATIONAL STANDARD BOOK NUMBER |
| International Standard Book Number |
9780345526113 (hardback) |
| 020 ## - INTERNATIONAL STANDARD BOOK NUMBER |
| Canceled/invalid ISBN |
9780345526137 (ebook) |
| 020 ## - INTERNATIONAL STANDARD BOOK NUMBER |
| International Standard Book Number |
0345526112 |
| 040 ## - CATALOGING SOURCE |
| Original cataloging agency |
DLC |
| Language of cataloging |
eng |
| Transcribing agency |
DLC |
| Description conventions |
rda |
| Modifying agency |
DLC |
| 042 ## - AUTHENTICATION CODE |
| Authentication code |
pcc |
| 043 ## - GEOGRAPHIC AREA CODE |
| Geographic area code |
n-us--- |
| 050 00 - LIBRARY OF CONGRESS CALL NUMBER |
| Classification number |
PN1982.H46 |
| Item number |
J66 2013 |
| 082 00 - DEWEY DECIMAL CLASSIFICATION NUMBER |
| Classification number |
B |
| -- |
B |
| Edition information |
23 |
| 084 ## - OTHER CLASSIFICATION NUMBER |
| Classification number |
SOC022000 |
| -- |
SOC022000 |
| Number source |
bisacsh |
| 099 ## - LOCAL FREE-TEXT CALL NUMBER (OCLC) |
| Classification number |
HENSOJ |
| 001 - CONTROL NUMBER |
| control field |
data |
| 100 1# - MAIN ENTRY--PERSONAL NAME |
| Personal name |
Jones, Brian Jay. |
| 245 10 - TITLE STATEMENT |
| Title |
Jim Henson : |
| Remainder of title |
the biography / |
| Statement of responsibility, etc. |
Brian Jay Jones. |
| 260 ## - PUBLICATION, DISTRIBUTION, ETC. |
| Place of publication, distribution, etc. |
New York : |
| Name of publisher, distributor, etc. |
Ballantine Books, |
| Date of publication, distribution, etc. |
2013. |
| 263 ## - PROJECTED PUBLICATION DATE |
| Projected publication date |
1111 |
| 300 ## - PHYSICAL DESCRIPTION |
| Extent |
p. cm. |
| 336 ## - CONTENT TYPE |
| Content type term |
text |
| Source |
rdacontent |
| 337 ## - MEDIA TYPE |
| Media type term |
unmediated |
| Source |
rdamedia |
| 338 ## - CARRIER TYPE |
| Carrier type term |
volume |
| Source |
rdacarrier |
| 504 ## - BIBLIOGRAPHY, ETC. NOTE |
| Bibliography, etc. note |
Includes bibliographical references and index. |
| 520 ## - SUMMARY, ETC. |
| Summary, etc. |
"For the first time ever--a comprehensive biography of one of the twentieth century's most innovative creative artists: the incomparable, irreplaceable Jim Henson. He was a gentle dreamer whose genial bearded visage was recognized around the world, but most people got to know him only through the iconic characters he created: Kermit the Frog, Bert and Ernie, Miss Piggy, Big Bird. The Muppets made Jim Henson a household name, but they were just part of his remarkable story. This extraordinary biography--written with the generous cooperation of the Henson family--covers the full arc of Henson's all-too-brief life: from his childhood in Leland, Mississippi; through the years of burgeoning fame in Washington D.C., New York, and London; to the decade of international celebrity that preceded his untimely death at age fifty-three. Drawing on hundreds of hours of new interviews with Henson's family, friends, and closest collaborators, as well as unprecedented access to private family and company archives (including never-before-seen interviews, business documents, and Henson's private letters), Brian Jay Jones explores the creation of the Muppets, Henson's contributions to Sesame Street and Saturday Night Live, and his nearly ten-year campaign to bring The Muppet Show to television. Jones provides the imaginative context for Henson's non-Muppet projects, including the richly imagined worlds of The Dark Crystal and Labyrinth--as well as fascinating misfires like Henson's dream of opening an inflatable psychedelic nightclub or staging an elaborate all-puppet Broadway show. An uncommonly intimate portrait, Jim Henson captures all the facets of this American original: the master craftsman who revolutionized the presentation of puppets on television, the savvy businessman whose dealmaking prowess won him a reputation as "the new Walt Disney," and the creative team leader whose collaborative ethos earned him the undying loyalty of everyone who worked for him. Here also is insight into Henson's intensely private personal life: his Christian Science upbringing; his love of fast cars, high-stakes gambling, and expensive art; and his weakness for women. Though an optimist by nature, Henson was haunted by the notion that he would not have time to do all the things he wanted to do in life--a fear that his heartbreaking final hours would prove all too well founded. An up-close look at the charmed life of a legend, Jim Henson gives the full measure to a man whose joyful genius transcended age, language, geography, and culture--and continues to beguile audiences worldwide. Advance praise for Jim Henson "I'm a rabid Jim Henson fan--his brilliant ideas spawned shows that entertained and educated millions, myself included. Jim Henson vibrantly delves into the magnificent man and his Muppet methods. It's an absolute must read!"--Neil Patrick Harris "Every Muppet fan has wondered who was behind the wide-mouthed, bug-eyed, furry creatures. Before now all we had was a credit line: Jim Henson. Now, with Brian Jay Jones's riveting Jim Henson, we have a nuanced portrait of the puppeteer--part genius inspired by his Mississippi Delta roots and his Christian Science faith, part flawed human with tastes too rich in everything from his art and cars to his women--that brings new understanding of and empathy for an icon of American popular culture."--Larry Tye, author of Satchel and Superman"-- |
| Assigning source |
Provided by publisher. |
| 600 10 - SUBJECT ADDED ENTRY--PERSONAL NAME |
| Personal name |
Henson, Jim. |
| 630 00 - SUBJECT ADDED ENTRY--UNIFORM TITLE |
| Uniform title |
Muppet show (Television program) |
| 630 00 - SUBJECT ADDED ENTRY--UNIFORM TITLE |
| Uniform title |
Sesame Street (Television program) |
| 650 #0 - SUBJECT ADDED ENTRY--TOPICAL TERM |
| Topical term or geographic name entry element |
Puppeteers |
| Geographic subdivision |
United States |
| Form subdivision |
Biography. |
| 650 #0 - SUBJECT ADDED ENTRY--TOPICAL TERM |
| Topical term or geographic name entry element |
Television producers and directors |
| Geographic subdivision |
United States |
| Form subdivision |
Biography. |
| 650 #7 - SUBJECT ADDED ENTRY--TOPICAL TERM |
| Topical term or geographic name entry element |
BIOGRAPHY & AUTOBIOGRAPHY / Entertainment & Performing Arts. |
| Source of heading or term |
bisacsh |
| 650 #7 - SUBJECT ADDED ENTRY--TOPICAL TERM |
| Topical term or geographic name entry element |
SOCIAL SCIENCE / Popular Culture. |
| Source of heading or term |
bisacsh |
| 906 ## - LOCAL DATA ELEMENT F, LDF (RLIN) |
| a |
0 |
| b |
vip |
| c |
orignew |
| d |
1 |
| e |
ecip |
| f |
20 |
| g |
y-gencatlg |
| 925 0# - |
| -- |
acquire |
| -- |
2 shelf copies |
| -- |
policy default |
| 955 ## - COPY-LEVEL INFORMATION (RLIN) |
| -- |
rd14 2013-06-17 |
| 963 ## - |
| -- |
Paul Gilbert; phone: 212-782-8315; email: [email protected]; bc: [email protected] |